Antrax u potravinových zvierat - história výskytu v Československu

Bibliographic Details
Main Authors: Šimko, Štefan, 1942- (Author), Klement, Cyril, 1948- (Author), Sirági, P. (Author)
Format: Article
Language:Slovak
PhysicalDescription:Obr., tab.
ISSN:1210-7840
Subjects:

MARC

LEADER 00000nab a2200000 a 4500
001 vtls000866520
003 SK-MaSNL
005 20260426102734.0
008 250429c2003 xo 0 slo
015 |a SNBRB2004/03-09209 
035 |a CLN000218072 
035 |a urn:nbn:sk:snk-abafm6 
035 |a (urnnbn)urn:nbn:sk:snk:ar-00801f 
035 |a (uuid)9d06caf3-173a-45f2-9e37-1c634ca66e27 
040 |a SNKBUCL  |b slo  |c SNKBUCL  |e AACR2 
041 0 |a slo 
044 |a xo  |c SK 
080 |a 616.981.51-036.22(437.1/.6)  |2 1997 
100 1 |a Šimko, Štefan,  |d 1942-  |4 aut  |9 248365 
245 1 0 |a Antrax u potravinových zvierat - história výskytu v Československu  |c Š. Šimko, C. Klement, P. Sirági 
246 1 1 |a Anthrax in food animals - history of occurrence in Czechoslovakia 
300 |b Obr., tab. 
504 |a Res. angl., slov. 
504 |a Bibliogr. odkazy 
650 0 7 |a domáce zvieratá  |2 MESH  |9 1096 
650 0 7 |a štúdie retrospektívne  |2 MESH  |9 839232 
650 0 7 |a antrax  |2 MESH  |9 23041 
650 0 7 |a mikrobiológia  |2 MESH  |9 3580 
651 7 |a Československo  |2 MESH  |9 21376 
651 7 |a Československo  |2 snkbucl  |9 21376 
651 7 |a Slovensko  |2 snkbucl  |9 14231 
651 7 |a Slovensko  |2 MESH  |9 14231 
655 7 |a články z novín a časopisov  |2 snkbucl  |9 267496 
700 1 |a Klement, Cyril,  |d 1948-  |4 aut  |9 115894 
700 1 |a Sirági, P.  |4 aut  |9 1216318 
773 0 |t Hygiena  |g Roč. 48, č. 4 (2003), s. 222-230  |x 1210-7840 
850 |a Slovenská národná knižnica 
852 |a Slovenská národná knižnica 
954 |a odborná, vedecká literatúra pôvodná (slovenská)  |2 lita 
958 |a article14 
958 |a MI 
958 |a CZ 
958 |a NB 
958 |a SK 
958 |a RBX 
958 |a OND 
958 |a EUIPO 
999 |c 3264875  |d 3266805